000 00372nam a2200133Ia 4500
008 151001s9999||||xx |||||||||||||| ||und||
100 _aविभा गुप्ता
245 _aहिंदी अंग्रेजी सूक्ती कोश
250 _a1
260 _bजान्हवी
260 _c२०१२
300 _a176
365 _b21
999 _c1000636
_d1000633